Statistics for Fake Etymologies

Click here to take the quiz!

General Stats

  • This quiz has been taken 96 times
    (93 since last reset)
  • The average score is 5 of 16

Answer Stats

Fake EtymologyWord% Correct
This person is like a man, but with a womb.Woman
77%
A reference to political cartoonist Thomas Nast (1840-1902).Nasty
60%
A British king loved steak so much he knighted it.Sirloin
49%
A moth flew into the Harvard Mark II computer, shorting it out.(Computer) Bug
47%
This made Mary, Queen of Scots feel better when she was ill, or when "Marie est malade."Marmalade
45%
The military used this as a general purpose vehicle.Jeep (GP)
42%
The shady and more expensive cabins on a round-trip voyage: port out, starboard homePosh
27%
The company that created this substance had offices in New York and London.Nylon
26%
Originally, only gentlemen could play this sport, and ladies were forbidden.Golf
25%
American cowboys got called this because they would sing "Green Grow the Rushes, O."Gringo
22%
These were given out to insure prompt service.Tips
17%
The medical designation for a complete cessation of motor activity.Coma
16%
Oxford students lacking noble titles had to write "sine nobilitate" in their books.Snob
14%
Napoleon said this was only good for feeding to his horse, Nicole: "C'est bon pour Nicole!"Pumpernickel
9%
The Duesenberg car company made some very fine cars indeed!Doozy
5%
Politicians would send spies to go and sip some ale at local taverns to find out what their constituents were saying.Gossip
1%

Score Distribution

Percentile by Number Answered

Percent of People with Each Score

Your Score History

You have not taken this quiz since the last reset